000 00577nam a2200205Ia 4500
003 0100
008 130303s9999 xx 000 0 und d
040 _cARRUPELIB
050 _aB378.L9
100 _aLynch, William F.
245 3 _aAn Approach to the Metaphysics of Plato through the Parmenides
260 _aNew York
260 _bGeorgetown University press
260 _C1959
300 _a255p.
300 _b 22cm
650 _bReligion and politics-Africa, Southern-Congresses
650 _cReligion and State-Africa, Southern-Congresses
942 _2lcc
_02
999 _c62309
_d62309